| 000 | 00397cam a2200145ua 4500 | ||
|---|---|---|---|
| 041 |
_amal _h |
||
| 082 |
_a894.812301 _bRAM/SO |
||
| 100 | _aRamakrishnan, Malayattoor. | ||
| 245 |
_aSoochimukhi / _cMalayattor Ramakrishnan. _hTextual Documents |
||
| 260 |
_aKottayam : _bSahitya Pravarthaka Co-operative Society , _c1966. |
||
| 300 | _a88 ; . | ||
| 504 | _a | ||
| 942 | _cBK | ||
| 999 |
_c12344 _d12344 |
||